Flags of the World - Extreme - Statistics

General Stats
  • This quiz has been taken 90 times
  • The average score is 12 of 17
Answer Stats
Hint Answer % Correct
Main Color of St. Lucia's flag Blue
92%
African flag similar to Romania's flag Chad
89%
2 colored flag depicting a circle (other than Japan) Palau, Kyrgizistan, Macedonia, Tunisia, Bangladesh
84%
Color of the stars on New Zealand's flag Red
83%
Flag that pictures at least one eagle Kazakhstan, Serbia, Moldova, Albania, Ecuador, Mexico, Egypt, Montenegro, Zambia
80%
Flag similar to Bahrain Qatar
80%
Flag that shows a sunrise/sundown Antigua & Barbuda, Kiribati, Malawi
75%
Flag that pictures a dragon Bhutan
74%
Flag similar to Somalia's flag Micronesia, Vietnam
72%
Flag similar to India Niger
68%
Niue Flag - main color Yellow
68%
Flag that features a crown Liechtenstein, Serbia, Spain, Tajikistan
66%
Flag that includes the color purple Nicaragua, Dominica
54%
Flag similar to Taiwan's flag Samoa
54%
Only Flag without either blue/red/white Jamaica
39%
Flag with a straw hat (Mokorotlo) Lesotho
38%
Flag that uses the color gold Germany
32%
No matching quizzes found
Score Distribution
Percent of People with Each Score
Percentile by Number Answered
Your Score History
You have not taken this quiz